000 01056nam0a22002411 4500
001 rc\680514
005 20031121165932.7
035 _a(NLR Aleph) 005917885
090 _a6445556
_c6445556
100 _a20031121d1985 u |0rusy50 ca
101 0 _arus
102 _aRU
105 _ay |||||||||
200 1 _aАКТУАЛЬНЫЕ вопросы патогенеза, диагностики, клиники и профилактики бактериальных инфекций
_eСб. науч. тр.
_fМ-во здравоохранения УзССР, Ташк. гос. мед. ин-т
_g[Редкол.: чл.-корр. АМН СССР, проф. И.К. Мусабаев (отв. ред.) и др.]
210 _aТашкент
_cТашГосМИ
_d1985
215 _a100 с.
_d20
702 1 _aМусабаев
_bИ. К.
_gИсхак Курбанович
_4340
712 0 2 _aТашкентский мед. ин-т
_3RU\NLR\AUTH\889927685
801 0 _aRU
_bNLR
_gpsbo
801 1 _aRU
_bELAR
_2rusmarc
852 _aNLR
_j87-4/20157
942 _cBOOK
980 _aNB